000 00789cam a2200265 4500
001 ABS62895
008 000000n2000 000 0 eng u
035 _a(Sirsi) u108368
100 _aVivian, J.
245 _aDon't take any notice
260 _c2000
490 _aProperty Week
_v65(34) 1 September 2000, 92-93(2)
520 _aArgues the case for both landlord and tenant when terminating a business tenancy under the Landlord and Tenant Act 1954.
590 _aABS
650 _aLANDLORD AND TENANT ACT 1954
650 _aNOTICE TO QUIT
650 _aPOSSESSION
650 _aTERMINATION OF TENANCY
650 _aINTERIM RENT
650 _aLANDLORDS
650 _aTENANTS
690 _aLANDLORD AND TENANT-BUSINESS TENANCIES
700 _aWhite, G.
942 _n0
999 _c64701
_d64701